THE CHEMISTRY OF ORGANIC MEDICINAL PRODUCTS (Record no. 7937)

MARC details
000 -LEADER
fixed length control field 00488nam a22001697a 4500
005 - DATE AND TIME OF LATEST TRANSACTION
control field 20240108153953.0
008 - FIXED-LENGTH DATA ELEMENTS--GENERAL INFORMATION
fixed length control field 220215b ||||| |||| 00| 0 eng d
020 ## - INTERNATIONAL STANDARD BOOK NUMBER
ISBN 9788191019216
041 ## - LANGUAGE CODE
Language code of text/sound track or separate title eng
082 ## - DEWEY DECIMAL CLASSIFICATION NUMBER
Classification number 547
Item number JEN-C
100 ## - MAIN ENTRY--AUTHOR NAME
Personal name JENKINS, GLENN L. HARTUNG WALTER HAMLIN JENNETH E AND DATA JOHN B
245 ## - TITLE STATEMENT
Title THE CHEMISTRY OF ORGANIC MEDICINAL PRODUCTS
260 ## - PUBLICATION, DISTRIBUTION, ETC. (IMPRINT)
Place of publication HYDRABAD
Name of publisher PHRMA MED PRESS
Year of publication 2011
300 ## - PHYSICAL DESCRIPTION
Number of Pages 569;P.
650 ## - SUBJECT ADDED ENTRY--TOPICAL TERM
Topical Term PHARMACY
General subdivision B.PHARMA
942 ## - ADDED ENTRY ELEMENTS (KOHA)
Koha item type Books
Holdings
Lost status Damaged status Collection code Home library Current library Shelving location Date acquired Source of acquisition Cost, normal purchase price Full call number Accession Number Koha item type
    Reference JRU Library JRU Library SHELF-5-A 15/02/2022 PURCHASE 495.00 547 26459 Books
    PHARMACY JRU Library JRU Library SHELF-19-E 15/02/2022 PURCHASE 495.00 547 26460 Books